| 000 | 00427nam a2200181Ia 4500 | ||
|---|---|---|---|
| 008 | 220531s9999 xx 000 0 und d | ||
| 041 | _aeng | ||
| 082 | _bMAH | ||
| 100 |
_aMaharashtra State Board _965791 |
||
| 245 | _aYuvakbharati | ||
| 250 | _a1ST | ||
| 260 |
_aPune _bMaharashtra State Board _c2012 |
||
| 300 | _a226 | ||
| 542 | _d26-08-2013 | ||
| 650 |
_aEnglish _965792 |
||
| 906 | _d2013-2014 | ||
| 999 |
_c37221 _d37221 |
||